00393nam a2200145Ia 4500003000400000008004100004020001500045040001600060082001600076100002500092245004900117300002100166650003500187650002500222GCL140319s9999 xx 000 0 eng d a9748572196 aGCL / cGCL04a495.91bN T1 aNAKHUNSCENCE, REV.P.10aTEACH YOURSELF THAI / cNAKHUNSCENCE, REV.P. a18 CM ؛ c257 P04aLANGUAGE AND LANGUAGES - STUDY04aTHAILAND - LANGUAGES